| 000 | 01057nam a22003857a 4500 | ||
|---|---|---|---|
| 005 | 20230913102416.0 | ||
| 008 | 181211b2015 xxu||||| |||| 00| 0 spa d | ||
| 020 | _a9789701511497 | ||
| 041 | _aESP | ||
| 082 | _a621.381.952 V145m | ||
| 100 |
_aValdés, Fernando _951232 |
||
| 100 |
_aPallas, Ramón _951233 |
||
| 245 | _aMicrocontroladores: fundamentos y aplicaciones con PIC | ||
| 260 | _aMéxico | ||
| 260 | _bAlfaomega | ||
| 260 | _c2015 | ||
| 300 | _a340 páginas | ||
| 650 | _aELECTRÓNICA | ||
| 650 | _aMICROCONTROLADORES | ||
| 650 | _aCOMPONENTES | ||
| 650 | _aMICROCONTROLADORES PIC | ||
| 650 | _aDISEÑO | ||
| 650 | _aPROGRAMACIÓN | ||
| 650 | _aLENGUAJE ENSAMBLADOR | ||
| 650 | _aTRANSFERENCIA DE DATOS | ||
| 650 | _aPUERTOS PARALELOS | ||
| 650 | _aPERIFÉRICOS | ||
| 650 | _aTEMPORIZADORES | ||
| 650 | _aINTERRUPTORES | ||
| 650 | _aPUERTO DE SERIE | ||
| 650 | _aMÓDULO DE CONVERSIÓN | ||
| 650 | _aCALIBRACIÓN | ||
| 942 |
_cBK _2ddc |
||
| 999 |
_c11442 _d11442 |
||